Linear control theory : (Record no. 188413)
[ view plain ]
| 000 -LEADER | |
|---|---|
| fixed length control field | 01055 a2200277 4500 |
| 003 - CONTROL NUMBER IDENTIFIER | |
| control field | Nust |
| 005 - DATE AND TIME OF LATEST TRANSACTION | |
| control field | 20230907130544.0 |
| 010 ## - LIBRARY OF CONGRESS CONTROL NUMBER | |
| LC control number | 2008052001 |
| 020 ## - INTERNATIONAL STANDARD BOOK NUMBER | |
| Terms of availability | 0849340632 (hardcover : alk. paper) |
| 020 ## - INTERNATIONAL STANDARD BOOK NUMBER | |
| Terms of availability | 9780849340635 (hardcover : alk. paper) |
| 035 ## - SYSTEM CONTROL NUMBER | |
| System control number | (OCoLC)144565585 |
| 035 ## - SYSTEM CONTROL NUMBER | |
| System control number | (OCoLC)ocn144565585 |
| 040 ## - CATALOGING SOURCE | |
| Transcribing agency | Nust |
| 082 00 - DEWEY DECIMAL CLASSIFICATION NUMBER | |
| Classification number | 629.832,BHA |
| 100 1# - MAIN ENTRY--PERSONAL NAME | |
| Personal name | Bhattacharyya, S. P. |
| 9 (RLIN) | 99410 |
| 245 10 - TITLE STATEMENT | |
| Title | Linear control theory : |
| Remainder of title | structure, robustness, and optimization / |
| Statement of responsibility, etc. | Shankar P. Bhattacharyya, Aniruddha Datta, L.H. Keel. |
| 260 ## - PUBLICATION, DISTRIBUTION, ETC. | |
| Place of publication, distribution, etc. | Boca Raton : |
| Name of publisher, distributor, etc. | CRC Press, |
| Date of publication, distribution, etc. | c2009. |
| 300 ## - PHYSICAL DESCRIPTION | |
| Extent | xviii, 911 p. : |
| Other physical details | ill. ; |
| Dimensions | 25 cm. |
| 490 1# - SERIES STATEMENT | |
| Series statement | Automation and control engineering ; |
| Volume/sequential designation | 33 |
| 505 ## - FORMATTED CONTENTS NOTE | |
| Formatted contents note | Three Term Controllers (Page-1), Robust Parametric Control (Page-291), Optimal and Robust Control (Page-639), Epilogue (Page-867). |
| 650 #0 - SUBJECT ADDED ENTRY--TOPICAL TERM | |
| Topical term or geographic name entry element | Telecommunication engineering |
| 700 1# - ADDED ENTRY--PERSONAL NAME | |
| Personal name | Datta, Aniruddha, |
| Dates associated with a name | 1963- |
| 9 (RLIN) | 99411 |
| 700 1# - ADDED ENTRY--PERSONAL NAME | |
| Personal name | Keel, L. H. |
| 9 (RLIN) | 99412 |
| 830 #0 - SERIES ADDED ENTRY--UNIFORM TITLE | |
| Uniform title | Automation and control engineering ; |
| 9 (RLIN) | 99413 |
| 942 ## - ADDED ENTRY ELEMENTS (KOHA) | |
| Koha item type | Reference |
| Source of classification or shelving scheme | |
| Withdrawn status | Lost status | Source of classification or shelving scheme | Damaged status | Not for loan | Permanent Location | Current Location | Shelving location | Date acquired | Full call number | Barcode | Date last seen | Price effective from | Koha item type | Public note |
|---|---|---|---|---|---|---|---|---|---|---|---|---|---|---|
| Military College of Signals (MCS) | Military College of Signals (MCS) | Reference | 12/12/2016 | 629.832,BHA | MCS34702 | 12/08/2016 | 12/12/2016 | Reference | Almirah No.24 Shelf No.3 |
